| 000 | 00532nam a2200193 i 4500 | ||
|---|---|---|---|
| 001 | 90687 | ||
| 003 | ES-MaACL | ||
| 005 | 20230906180531.0 | ||
| 007 | t| | ||
| 008 | 050124s1961 ag ||||1| spa d | ||
| 100 | 1 |
_aLent, Henry B. _971547 |
|
| 245 | 1 | 3 |
_aEl hombre en el espacio / _cHenry B. Lent. |
| 260 |
_aBuenos Aires : _bIndice, _c[1961] |
||
| 300 |
_a95 p. ; _c25 cm. |
||
| 490 | 1 | _aCuadernos del Siglo XX | |
| 830 | 0 |
_aCuadernos del Siglo XX _9184165 |
|
| 852 |
_aES-MaACL _jC-27565 _bR.58264 |
||
| 999 |
_c90687 _d90687 |
||